CASE - efektívne projektovanie informačných systémov.
Miesto CASE pri tvorbe a prevádzkovaní informačných systémov. Prostriedky CASE pre zvýšenie produktivity programátora, pre podporu rozvoja systému a metodológie vývoja systému. Okruhy aplikácie technológie CASE. Trh produktov CASE. Výber a implementácia produktu CASE.
Salvato in:
| Autore principale: | |
|---|---|
| Natura: | Capitolo di libro |
| Lingua: | slovacco |
| Soggetti: | |
| Tags: |
Nessun Tag, puoi essere il primo ad aggiungerne!!
|
MARC
| LEADER | 00000naa a2200000 4500 | ||
|---|---|---|---|
| 001 | r004865 | ||
| 005 | 20221125080404.1 | ||
| 041 | 0 | |a slo | |
| 044 | |a [CS] | ||
| 245 | 1 | 0 | |a CASE - efektívne projektovanie informačných systémov. |c A. Rabenseifer |
| 520 | |a Miesto CASE pri tvorbe a prevádzkovaní informačných systémov. Prostriedky CASE pre zvýšenie produktivity programátora, pre podporu rozvoja systému a metodológie vývoja systému. Okruhy aplikácie technológie CASE. Trh produktov CASE. Výber a implementácia produktu CASE. | ||
| 610 | 2 | 0 | |a CASE |
| 610 | 2 | 0 | |a projektovanie |
| 610 | 2 | 0 | |a systémy informačné |
| 610 | 2 | 0 | |a programovanie |
| 610 | 2 | 0 | |a programátori |
| 610 | 2 | 0 | |a produktivita práce |
| 100 | 1 | |a Rabenseifer, A. | |